000 00306nam a22001337a 4500
008 170425b xxu||||| |||| 00| 0 eng d
020 _a9780471321859
041 _aeng
080 _24 ED
_a54
100 _a12
101 _aSHM
245 _aMICROSCALE ORGANIC LABORATORY
_cMAYO.D.W
942 _2udc
_cBK
999 _c11863
_d11863